000
00242nam a2200097Ia 4500
008
190216s9999||||xx |||||||||||||| ||und||
100
_a
Gopalakrishna Pilla S
245
0
_a
Sangikam Danashashthrathil
260
_b
Kerala Basha Inst
942
_c
BK
999
_c
39566
_d
39566